000 00408nam a2200181Ia 4500
003 0100
008 130303s9999 xx 000 0 und d
040 _cARRUPELIB
050 _aQA9.D291988
100 _aDavis, Philip J
245 _aDescartes' Dream
245 _bThe World according to mathematics
260 _aLondon
260 _bPenguin Books
260 _C1988
300 _a321p
942 0 0 _01
999 _c21646
_d21646